Breaking the mould (Record no. 74820)
[ view plain ]
| 000 -LEADER | |
|---|---|
| fixed length control field | 01330cab a2200229 4500 |
| 001 - CONTROL NUMBER | |
| control field | ABS68735 |
| 008 - FIXED-LENGTH DATA ELEMENTS--GENERAL INFORMATION | |
| fixed length control field | 050221n2005 000 0 eng u |
| 035 ## - SYSTEM CONTROL NUMBER | |
| System control number | (Sirsi) u128852 |
| 100 ## - MAIN ENTRY--PERSONAL NAME | |
| Personal name | Shepherd, M. |
| 245 ## - TITLE STATEMENT | |
| Title | Breaking the mould |
| 260 ## - PUBLICATION, DISTRIBUTION, ETC. | |
| Date of publication, distribution, etc. | 2005 |
| 490 ## - SERIES STATEMENT | |
| Series statement | Property Week |
| Volume/sequential designation | 70(5) 4 February 2005, 70-71(2) |
| 520 ## - SUMMARY, ETC. | |
| Summary, etc. | A report to be published by RICS, "Mould inside living spaces in England", aims to bring to the attention of the British property industry the problem of mould in many homes and offices. In the United States this has led to many claims for personal injury and there are fears that there could now be a wave of similar lawsuits in the UK. RICS has commissioned a study to see if the mould that has been at the centre of the US litigation is present in Britain. The research found that one or more of the moulds were found in a minority of the properties surveyed but there is no link between these moulds and their claimed toxic effects and the mould is only a problem for people who are particularly susceptible such as those with respiratory problems. |
| 590 ## - LOCAL NOTE (RLIN) | |
| Local note | ABS |
| 650 ## - SUBJECT ADDED ENTRY--TOPICAL TERM | |
| Topical term or geographic name entry element | UNITED STATES |
| 650 ## - SUBJECT ADDED ENTRY--TOPICAL TERM | |
| Topical term or geographic name entry element | PERSONAL INJURY CLAIMS |
| 650 ## - SUBJECT ADDED ENTRY--TOPICAL TERM | |
| Topical term or geographic name entry element | ASPERGILLUS FUMIGATUS |
| 650 ## - SUBJECT ADDED ENTRY--TOPICAL TERM | |
| Topical term or geographic name entry element | STACHYBOTRYS CHARTARUM |
| 650 ## - SUBJECT ADDED ENTRY--TOPICAL TERM | |
| Topical term or geographic name entry element | TOXIC MOULD |
| 690 ## - LOCAL SUBJECT ADDED ENTRY--TOPICAL TERM (OCLC, RLIN) | |
| Topical term or geographic name as entry element | Health and safety |
| 9 (RLIN) | 6244 |
| 942 ## - ADDED ENTRY ELEMENTS (KOHA) | |
| Suppress in OPAC | 0 |
| Withdrawn status | Lost status | Source of classification or shelving scheme | Damaged status | Not for loan | Home library | Current library | Shelving location | Date acquired | Total Checkouts | Full call number | Barcode | Date last seen | Copy number | Price effective from | Koha item type |
|---|---|---|---|---|---|---|---|---|---|---|---|---|---|---|---|
| Dewey Decimal Classification | London | London | Journal article | 21/02/2005 | ABS68735 | 128852-1001 | 06/08/2019 | 1 | 06/08/2019 | Journal article |